Ciudades más pobladas de España - Estadísticas

Estadísticas generales
  • Esta prueba ha sido intentada 277 veces
  • La puntuación promedio es 41 de 62
Estadísticas de respuestas
Habitantes Población % Correcto
3.182.981 Madrid
100%
1.620.809 Barcelona
98%
689.434 Sevilla
98%
787.808 Valencia
97%
664.938 Zaragoza
94%
345.110 Bilbao
92%
569.002 Málaga
91%
443.243 Murcia
91%
329.988 Alicante
90%
232.770 Granada
86%
244.099 La Coruña
86%
292.986 Vigo
86%
325.916 Córdoba
84%
186.370 San Sebastián
84%
118.048 Cádiz
83%
299.715 Valladolid
83%
220.301 Oviedo
82%
131.507 Tarragona
82%
272.365 Gijón
81%
195.389 Almería
80%
171.951 Santander
79%
169.498 Castellón de la Plana
78%
125.317 León
78%
144.436 Salamanca
77%
377.650 Las Palmas de Gran Canaria
76%
406.492 Palma
76%
175.623 Burgos
75%
257.349 Hospitalet de Llobregat
75%
145.115 Huelva
75%
114.238 Jaén
75%
246.976 Vitoria
74%
137.327 Lérida
71%
172.816 Albacete
69%
150.543 Badajoz
69%
197.138 Pamplona
69%
228.675 Elche
68%
178.288 Getafe
67%
203.692 Santa Cruz de Tenerife
62%
212.915 Jerez de la Frontera
59%
219.300 Cartagena
57%
150.979 Logroño
57%
209.931 Sabadell
57%
187.720 Leganés
56%
215.848 Badalona
55%
206.589 Móstoles
55%
105.636 Orense
51%
194.310 Alcalá de Henares
50%
140.744 Marbella
50%
168.141 Alcorcón
47%
216.428 Tarrasa
47%
132.551 Dos Hermanas
46%
194.669 Fuenlabrada
45%
121.133 Algeciras
39%
100.313 Baracaldo
38%
103.123 Reus
38%
126.127 Mataró
33%
114.864 Alcobendas
32%
125.898 Parla
31%
153.655 San Cristóbal de La Laguna
27%
128.013 Torrejón de Ardoz
25%
117.597 Santa Coloma de Gramanet
23%
102.005 Telde
21%
No se encontraron pruebas coincidentes
Distribución de puntuación
Porcentaje de gente con cada puntuación
Porcentaje por número respondido
Historial de tus puntuaciones
No has intentado esta prueba.